The politics of decentralization : forests, power, and people

Bibliographic Details
Corporate Author: Interlaken Workshop on "Decentralization, Federal Systems of Forestry, and National Forest Programs" Interlaken, Switzerland
Other Authors: Capistrano, Doris, Colfer, Carol J. Pierce
Format: Conference Proceeding Book
Published: London Sterling, VA : Earthscan , 2005.
Subjects:

MARC

LEADER 00000cam a2200000 7i4500
001 0000003645
005 20080129.0
020 0 0 |a 1844072053 
090 0 0 |a 333.7515   |b THE 
111 2 |a Interlaken Workshop on "Decentralization, Federal Systems of Forestry, and National Forest Programs"   |d (2004   |c Interlaken, Switzerland) 
245 1 4 |a The politics of decentralization :   |b forests, power, and people   |c edited by Carol J. Pierce Colfer and Doris Capistrano. 
260 0 0 |a London   |a Sterling, VA :   |b Earthscan ,   |c 2005. 
300 |a xiv, 322 p. ;   |c 24 cm. 
650 0 0 |a Forest management   |x Citizen participation   |x Congresses 
650 0 0 |a Forest management   |x Congresses 
650 0 0 |a Forest policy   |x Congresses 
700 1 1 |a Capistrano, Doris. 
700 1 1 |a Colfer, Carol J. Pierce 
999 |a 0000007196   |b Monograph   |c Open Shelf   |e Default branch